5HLuxD.jpg

KING HENRY VIII SENIOR AND PRIMARY SCHOOL LIBRARY OPAC

The map that changed the world : (Record no. 293)

000 -LEADER
fixed length control field 01286nam a2200373 a 4500
001 - CONTROL NUMBER
control field 015352860
003 - CONTROL NUMBER IDENTIFIER
control field UkOxU
005 - DATE AND TIME OF LATEST TRANSACTION
control field 20190805140712.0
008 - FIXED-LENGTH DATA ELEMENTS--GENERAL INFORMATION
fixed length control field 011116r20022001enk 000 0beng d
016 ## - NATIONAL BIBLIOGRAPHIC AGENCY CONTROL NUMBER
Record control number 100=USNAF preferred
-- 600=USNAF preferred
020 ## - INTERNATIONAL STANDARD BOOK NUMBER
International Standard Book Number 0140280391
020 ## - INTERNATIONAL STANDARD BOOK NUMBER
International Standard Book Number 9780140280395
035 ## - SYSTEM CONTROL NUMBER
System control number BNB2689.502
040 ## - CATALOGING SOURCE
Original cataloging agency OX/U-1
Transcribing agency KH8
082 ## - DEWEY DECIMAL CLASSIFICATION NUMBER
Classification number 551.092 WIN
100 1# - MAIN ENTRY--PERSONAL NAME
Personal name Winchester, Simon.
Relator term author
245 14 - TITLE STATEMENT
Title The map that changed the world :
Remainder of title a tale of rocks, ruin and redemption /
Statement of responsibility, etc. Simon Winchester
260 ## - PUBLICATION, DISTRIBUTION, ETC.
Place of publication, distribution, etc. London :
Name of publisher, distributor, etc. Penguin,
Date of publication, distribution, etc. 2002.
300 ## - PHYSICAL DESCRIPTION
Extent xiv, 338 p. :
Other physical details ill., facsims., maps (some col.) ;
Dimensions 20 cm
500 ## - GENERAL NOTE
General note Originally published: London: Viking, 2001.
504 ## - BIBLIOGRAPHY, ETC. NOTE
Bibliography, etc. note Includes bibliographical references.
600 10 - SUBJECT ADDED ENTRY--PERSONAL NAME
Personal name Smith, William,
Dates associated with a name 1769-1839.
650 #0 - SUBJECT ADDED ENTRY--TOPICAL TERM
Topical term or geographic name entry element Geologists
Geographic subdivision Great Britain
Form subdivision Biography
650 #0 - SUBJECT ADDED ENTRY--TOPICAL TERM
Topical term or geographic name entry element Geology, Stratigraphic
General subdivision History.
942 ## - ADDED ENTRY ELEMENTS (KOHA)
Source of classification or shelving scheme
Koha item type Books - Non Ficton
Holdings
Withdrawn status Lost status Source of classification or shelving scheme Damaged status Not for loan Collection code Permanent Location Current Location Shelving location Date acquired Full call number Barcode Date last seen Price effective from Koha item type
          Non-Fiction KH8 Senior School Library KH8 Senior School Library Non Fiction 2019-08-05 551.092 WIN 3KHSL000100199 2019-08-05 2019-08-05 Books - Non Ficton

Powered By KH8 IT Dept